Categorie del diritto romano. Corso di istituzioni.

Guardat en:
Dades bibliogràfiques
Autor principal: Vincenti, Umberto (autore)
Format: Llibre
Publicat: Napoli, Italia: Jovene editore, 2008.
Edició:Seconda edizione.
Matèries:
Etiquetes: Afegir etiqueta
Sense etiquetes, Sigues el primer a etiquetar aquest registre!

MARC

LEADER 00000nam a22000007a 4500
003 CL-VaPUC
005 20220822114533.0
008 220701t2008 ||||| |||| 00| 0 eng d
999 |c 436577  |d 436575 
020 |a 88-243-1821-5 
040 |c Pontificia Universidad Católica de Valparaíso 
082 |a 340.54 VIN 2008  |2 22 
100 |a Vincenti, Umberto  |9 449919  |e autore 
245 |a Categorie del diritto romano.  |b Corso di istituzioni. 
250 |a Seconda edizione. 
260 |a Napoli, Italia:   |b Jovene editore,   |c 2008. 
300 |a 277 páginas. 
500 |a c.1 Donación Familia Prof. Alejandro Guzmán Brito. 
583 |c 20220701  |k Catalogador Asistente 
650 |a Derecho romano  |9 255930 
942 |2 ddc  |c BK  |n 0 
952 |0 0  |1 0  |2 ddc  |4 0  |6 340_540000000000000_VIN_2008  |7 1  |8 C_AGB  |9 584253  |a BIBDER  |b BIBDER  |d 2022-07-01  |e Donación  |i 5652393  |o 340.54 VIN 2008  |p 5652393  |r 2023-01-25  |t 1  |w 2022-07-01  |y BK_US  |k AGB